Movies Quiz

Random Movies or War Quiz

War Movies Quiz Stats

 Plays Quiz Updated Mar 29, 2020

     
Support Sporcle.
Go Orange.
Score 0/31 Timer 07:00
1 Play Today
Year/War Movie % Correct
1998/WWIISaving Private Ryan
88.7%
1995/1st War of Scottish IndependenceBraveheart
77.4%
2000/U.S. Revolutionary WarThe Patriot
75.2%
1986/Vietnam WarPlatoon
66.9%
2001/WWIIPearl Harbor
64.5%
2004/Rwandan Civil WarHotel Rwanda
62.5%
2005/Gulf WarJarhead
60.4%
1979/Vietnam WarApocalypse Now
57.6%
2008/WWIIValkyrie
53%
1999/Gulf WarThree Kings
50.6%
1987/Vietnam WarFull Metal Jacket
48.2%
1989/U.S. Civil WarGlory
48%
1970/WWIIPatton
47.8%
1992/French & Indian WarLast of the Mohicans
47.3%
1939/U.S. Civil WarGone with the Wind
45.9%
1978/Vietnam WarThe Deer Hunter
45.1%
Year/War Movie % Correct
1942/WWIICasablanca
44.6%
1993/WWIISchindler's List
40%
1989/Vietnam WarBorn on the 4th of July
37.9%
2009/Iraq WarThe Hurt Locker
35.1%
1970/Korean WarMASH
33.7%
1998/WWIIThe Thin Red Line
32%
1930/WWIAll Quiet on the Western Front
30.2%
2008/WWIIDefiance
29%
1962/WWILawrence of Arabia
28.8%
2006/WWIIFlags of Our Fathers
28%
2006/WWIILetters from Iwo Jima
26.7%
1993/U.S. Civil WarGettysburg
20.8%
1984/Cambodian Civil WarThe Killing Fields
19.9%
1996/Irish Civil WarMichael Collins
17.2%
1989/Vietnam WarCasualties of War
11.9%

From the Vault

15 Categories: Letter 'U' Blitz

by Flick

Is that a letter U or just a big magnet?
Remove Ads.
Support Sporcle.
Get the best of Sporcle when you Go Orange. This ad-free experience offers more features, more stats, and more fun while also helping to support Sporcle. Thank you for becoming a member.

Show Comments

Extras

Top Quizzes Today


Score Distribution

Your Account Isn't Verified!

In order to create a playlist on Sporcle, you need to verify the email address you used during registration. Go to your Sporcle Settings to finish the process.

Report this User

Report this user for behavior that violates our Community Guidelines.

Details: